004740000a2200145000450024500960000065000160009665000260011265000150013865000230015304100130017670000220018970000220021110000260023377300690025910aPhenology of tropical forests: adaptive significance and consequences for primary consumers14aFenología14aProducción primaria14aEcología14aBosques tropicales0 aInglés1 aTerborgh, John W.1 aWrigth, S. Joseph1 aSchaik, Carel P., van1 tAnnual Review of Ecology and Systematics3205h24q353-377d1993